[Event "12. Süder Sommerpokal"]
[Site "Recklinghausen"]
[Date "2001.08.05"]
[Round "2"]
[White "Jungbluth, Rolf"]
[Black "Khenkin, Igor"]
[Result "0-1"]
[WhiteElo "2156"]
[BlackElo "2579"]
[PlyCount "50"]
[EventDate "2001.??.??"]

1. c4 e6 2. Nc3 d5 3. cxd5 exd5 4. d4 c6 5. Bf4 Bd6 6. Bxd6 Qxd6 7. Qb3 Qe7 8.
e3 Bf5 9. Nge2 Nf6 10. Ng3 Bg6 11. Be2 O-O 12. a3 Ne8 13. h4 h6 14. Nh5 Bxh5
15. Bxh5 Nd6 16. Ne2 Nd7 17. Bf3 Rfe8 18. g3 Nf6 19. Qd3 Nfe4 20. Rc1 Qf6 21.
Ng1 Nf5 22. Bxe4 Rxe4 23. Ne2 Rae8 24. Rd1 Nxe3 25. fxe3 Rxe3 0-1

[Event "12. Süder Sommerpokal"]
[Site "Recklinghausen"]
[Date "2001.08.05"]
[Round "2"]
[White "Bischoff, Klaus"]
[Black "Goralski, Christian"]
[Result "1-0"]
[WhiteElo "2541"]
[BlackElo "2149"]
[PlyCount "79"]
[EventDate "2001.??.??"]

1. c4 e5 2. Nc3 d6 3. Nf3 f5 4. d4 Nc6 5. e3 Nf6 6. Be2 Be7 7. b4 e4 8. Nd2 d5
9. a3 Be6 10. Bb2 Qd7 11. b5 Nd8 12. Qb3 c6 13. a4 a5 14. bxa6 bxa6 15. a5 Qb7
16. Qxb7 Nxb7 17. Na4 Bb4 18. Bc3 Bxc3 19. Nxc3 O-O 20. c5 Ne8 21. Na2 Nc7 22.
Nb4 Bd7 23. O-O Nd8 24. f3 Nb5 25. Bxb5 axb5 26. a6 Ra7 27. fxe4 fxe4 28. Nb3
Rf7 29. Na5 Kf8 30. h4 Ke7 31. Kh2 Rxf1 32. Rxf1 Rc7 33. Ra1 Ra7 34. g4 Be8 35.
Kg3 Kd7 36. Rf1 Ke7 37. h5 Rc7 38. Kh4 Bd7 39. Ra1 Ra7 40. g5 {Zeit} 1-0

[Event "12. Süder Sommerpokal"]
[Site "Recklinghausen"]
[Date "2001.08.05"]
[Round "2"]
[White "Rebber, Christian"]
[Black "Gofshtein, Leonid"]
[Result "0-1"]
[WhiteElo "2154"]
[BlackElo "2518"]
[PlyCount "72"]
[EventDate "2001.??.??"]

1. b4 d6 2. Bb2 e5 3. e3 Nd7 4. a4 Ngf6 5. Nf3 g6 6. Be2 Bg7 7. O-O O-O 8. c4
a5 9. b5 Nc5 10. d4 exd4 11. Nxd4 h5 12. Nd2 Re8 13. N4b3 Qe7 14. Nxc5 dxc5 15.
Bf3 Rd8 16. Qc1 Rb8 17. Rd1 Bf5 18. Bc3 b6 19. Be2 Bd3 20. Bxd3 Rxd3 21. Nf3
Rxd1+ 22. Qxd1 Rd8 23. Qc2 Qe4 24. Qb2 Rd6 25. Be5 Ne8 26. Bxg7 Nxg7 27. Qc1
Nf5 28. h3 f6 29. Ra2 g5 30. Rd2 g4 31. hxg4 hxg4 32. Ne1 g3 33. Re2 gxf2+ 34.
Kxf2 Qh4+ 35. Kg1 Ng3 36. Rd2 Qh1+ 0-1

[Event "12. Süder Sommerpokal"]
[Site "Recklinghausen"]
[Date "2001.08.05"]
[Round "2"]
[White "Berelovich, Aleksandar"]
[Black "Kloß, Detlev"]
[Result "1-0"]
[WhiteElo "2513"]
[BlackElo "2119"]
[PlyCount "41"]
[EventDate "2001.??.??"]

1. e4 c6 2. d4 d5 3. Nc3 dxe4 4. Nxe4 Nf6 5. Nxf6+ gxf6 6. Nf3 Qc7 7. g3 Bg4 8.
Bg2 Qa5+ 9. c3 Nd7 10. h3 Bh5 11. O-O Bg7 12. Re1 Bxf3 13. Qxf3 e6 14. Qg4 Kf8
15. b4 Qa4 16. Qf4 e5 17. Qf5 Rd8 18. Be3 exd4 19. Bxd4 Ne5 20. g4 Nc4 21. Bxf6
1-0

[Event "12. Süder Sommerpokal"]
[Site "Recklinghausen"]
[Date "2001.08.05"]
[Round "2"]
[White "Müller, Herbert"]
[Black "Saltaev, Mihail"]
[Result "0-1"]
[WhiteElo "2121"]
[BlackElo "2510"]
[PlyCount "74"]
[EventDate "2001.??.??"]

1. d4 Nf6 2. Nf3 d5 3. Bg5 Ne4 4. Bf4 e6 5. Nbd2 c5 6. c3 cxd4 7. Nxe4 dxe4 8.
Nxd4 Qb6 9. Qb3 Bd7 10. Qxb6 axb6 11. Bxb8 Rxb8 12. e3 Ke7 13. Bb5 Bc8 14. O-O
g6 15. a4 Ra8 16. b4 Bg7 17. Rfd1 Rd8 18. c4 Bd7 19. Rac1 Bxb5 20. axb5 Ra4 21.
Rb1 e5 22. Nb3 Rd3 23. Nd2 f5 24. c5 bxc5 25. bxc5 Kd7 26. Nf3 Rc4 27. Ne1 Rxd1
28. Rxd1+ Kc7 29. Rd5 Bf8 30. g4 Rxc5 31. Rxc5+ Bxc5 32. gxf5 gxf5 33. Kf1 Kb6
34. Ke2 Kxb5 35. Kd1 Kc4 36. Kc2 b5 37. Ng2 Be7 0-1

[Event "12. Süder Sommerpokal"]
[Site "Recklinghausen"]
[Date "2001.08.05"]
[Round "2"]
[White "Rotstein, Arkadij"]
[Black "Busch, Christian"]
[Result "1-0"]
[WhiteElo "2499"]
[BlackElo "2112"]
[PlyCount "110"]
[EventDate "2001.??.??"]

1. c4 c5 2. Nf3 Nc6 3. Nc3 g6 4. g3 Bg7 5. Bg2 Nf6 6. O-O O-O 7. d4 cxd4 8.
Nxd4 Nxd4 9. Qxd4 d6 10. Qd3 Bf5 11. e4 Be6 12. Bd2 Qc8 13. Nd5 Nxd5 14. cxd5
Bd7 15. Rac1 Qb8 16. Bc3 Rc8 17. Bxg7 Kxg7 18. h4 f6 19. Kh2 Rxc1 20. Rxc1 Qd8
21. Qd4 b6 22. Bf1 Rc8 23. Rd1 Rc7 24. Ba6 Bc8 25. Bd3 Qd7 26. a4 Qe8 27. Ra1
Bd7 28. a5 bxa5 29. Rxa5 Qb8 30. Ra6 Rb7 31. Ra2 Kf7 32. Bc4 Bb5 33. b3 Bxc4
34. bxc4 Qc7 35. Ra6 Rb6 36. Ra4 Rb7 37. Kg2 a5 38. Qc3 Ra7 39. Qb3 Rb7 40. Qc3
Ra7 41. Qe3 Kg7 42. h5 Ra8 43. h6+ Kf7 44. Qb3 Rb8 45. Qc3 Rb5 46. Qa3 Rc5 47.
Qb3 Qc8 48. f4 Qf8 49. Ra1 Qxh6 50. Rh1 Qg7 51. Re1 Qh8 52. e5 fxe5 53. fxe5
Qc8 54. e6+ Kg8 55. Re4 Qf8 {Rest unleserlich} 1-0

[Event "12. Süder Sommerpokal"]
[Site "Recklinghausen"]
[Date "2001.08.05"]
[Round "2"]
[White "Schreck, Roland"]
[Black "Feygin, Michail"]
[Result "0-1"]
[WhiteElo "2109"]
[BlackElo "2461"]
[PlyCount "78"]
[EventDate "2001.??.??"]

1. b3 Nf6 2. Bb2 e6 3. g3 d5 4. Bg2 Be7 5. f4 c5 6. Nf3 Nc6 7. e3 b5 8. Ne5 Bb7
9. Qe2 b4 10. O-O O-O 11. d3 a5 12. Nd2 a4 13. Nxc6 Bxc6 14. a3 bxa3 15. Bxa3
Qc7 16. Bb2 Nd7 17. e4 d4 18. c3 Qb6 19. Nc4 Qxb3 20. Ba3 Rfb8 21. cxd4 Bf6 22.
e5 Bxg2 23. Kxg2 Be7 24. f5 Qb7+ 25. Qe4 Bf8 26. fxe6 fxe6 27. Qxb7 Rxb7 28.
dxc5 Bxc5 29. Bxc5 Nxc5 30. Nd6 Rb2+ 31. Kh3 Nxd3 32. Rf7 Nf2+ 33. Kh4 Rb4+ 34.
Rf4 Rxf4+ 35. gxf4 Nd3 36. f5 exf5 37. e6 Nf4 38. Nxf5 Nxe6 39. Re1 a3 0-1

[Event "12. Süder Sommerpokal"]
[Site "Recklinghausen"]
[Date "2001.08.05"]
[Round "2"]
[White "Mainka, Romuald"]
[Black "Wagner, Ralf"]
[Result "1-0"]
[WhiteElo "2459"]
[BlackElo "2089"]
[PlyCount "59"]
[EventDate "2001.??.??"]

1. e4 e6 2. d3 d5 3. Qe2 b6 4. Nd2 Nc6 5. Ngf3 Bb7 6. g3 Nb4 7. Qd1 Nf6 8. e5
Nd7 9. Bg2 Nc6 10. Qe2 b5 11. O-O Be7 12. Re1 Nb6 13. h4 Qd7 14. Nb3 a5 15. Be3
b4 16. a4 Rd8 17. Nc5 Bxc5 18. Bxc5 Ne7 19. c3 bxc3 20. bxc3 O-O 21. Reb1 Ba8
22. Nd4 Rfe8 23. Rb5 Nc6 24. Nb3 d4 25. c4 Nxc4 26. dxc4 d3 27. Qe3 Nxe5 28.
Qxe5 Bxg2 29. Kxg2 Qc6+ 30. Kg1 1-0

[Event "12. Süder Sommerpokal"]
[Site "Recklinghausen"]
[Date "2001.08.05"]
[Round "2"]
[White "Ritter, Uwe"]
[Black "Eismont, Oleg"]
[Result "0-1"]
[WhiteElo "2094"]
[BlackElo "2443"]
[PlyCount "62"]
[EventDate "2001.??.??"]

1. d4 Nf6 2. c4 e6 3. g3 d5 4. Bg2 Bb4+ 5. Bd2 a5 6. Nf3 O-O 7. O-O b6 8. Bf4
Be7 9. Nc3 Bb7 10. cxd5 exd5 11. Ne5 Qc8 12. Qb3 Qe6 13. e4 Nxe4 14. Nxe4 a4
15. Qc2 dxe4 16. Qxc7 Bd5 17. Rfc1 f6 18. Nc4 Na6 19. Qxb6 Bxc4 20. Qxe6+ Bxe6
21. Bxe4 Rad8 22. Rc6 Bc8 23. d5 f5 24. d6 Bf6 25. Bd5+ Kh8 26. Rxc8 Rxc8 27.
Bb7 Nb8 28. Bxc8 Rxc8 29. Rd1 Nd7 30. b3 axb3 31. axb3 Kg8 0-1

[Event "12. Süder Sommerpokal"]
[Site "Recklinghausen"]
[Date "2001.08.05"]
[Round "2"]
[White "Hillarp Persson, Tiger"]
[Black "Große-Frintrop, Gerd"]
[Result "1-0"]
[WhiteElo "2438"]
[BlackElo "2084"]
[PlyCount "73"]
[EventDate "2001.??.??"]

1. d4 g6 2. e4 Bg7 3. c4 d6 4. Nc3 Nf6 5. f3 O-O 6. Nge2 Nbd7 7. Bg5 h6 8. Be3
c6 9. Qd2 Kh7 10. O-O-O Qa5 11. g4 b5 12. Ng3 b4 13. Nb1 c5 14. h4 cxd4 15.
Bxd4 Ne5 16. Be2 Qxa2 17. Bxe5 Nxe4 18. Nxe4 Bxe5 19. Qxb4 Be6 20. Nbc3 Qa6 21.
c5 Qc6 22. cxd6 Rab8 23. Qc5 Bf4+ 24. Kb1 Qb7 25. Qb5 Qa8 26. dxe7 Rfc8 27. Rd8
Rxd8 28. exd8=Q Rxd8 29. Qa4 Be5 30. Bc4 Rd4 31. Qb5 Bg7 32. Bxe6 fxe6 33. h5
a5 34. hxg6+ Kh8 35. g5 Rb4 36. Qd7 Qb8 37. Rxh6+ 1-0

[Event "12. Süder Sommerpokal"]
[Site "Recklinghausen"]
[Date "2001.08.05"]
[Round "2"]
[White "Bischof, Rainer"]
[Black "Kalka, Arkadius Georg"]
[Result "1/2-1/2"]
[WhiteElo "2081"]
[BlackElo "2386"]
[PlyCount "93"]
[EventDate "2001.??.??"]

1. d4 Nf6 2. Nf3 g6 3. e3 c5 4. Be2 d5 5. O-O Bg7 6. Nbd2 O-O 7. c3 b6 8. b4
Nbd7 9. a4 Qc7 10. Bb2 c4 11. Qc2 Bb7 12. Rfe1 a6 13. b5 axb5 14. axb5 Qd6 15.
e4 Nxe4 16. Nxe4 dxe4 17. Nd2 f5 18. Rxa8 Bxa8 19. Bxc4+ Kh8 20. f3 exf3 21.
Nxf3 e5 22. Ng5 Qf6 23. Ne6 Rc8 24. Qb3 f4 25. Bd5 Qh4 26. Rf1 Bf6 27. Bxa8
Rxa8 28. Qd5 Ra7 29. Qc6 h5 30. Ba3 f3 31. Rxf3 Kh7 32. Nf8+ Nxf8 33. Bxf8 Ra1+
34. Rf1 Rxf1+ 35. Kxf1 Qf4+ 36. Qf3 Qc1+ 37. Kf2 Qd2+ 38. Kf1 Qc1+ 39. Kf2 Qb2+
40. Kf1 Qxb5+ 41. Kf2 Qb2+ 42. Kg3 Bg7 43. Bxg7 Kxg7 44. dxe5 Qb1 45. Kh3 Qe1
46. Qf6+ Kh7 47. Qf7+ 1/2-1/2

[Event "12. Süder Sommerpokal"]
[Site "Recklinghausen"]
[Date "2001.08.05"]
[Round "2"]
[White "Halasz, Tamas"]
[Black "Czarnik, Josef"]
[Result "1/2-1/2"]
[WhiteElo "2382"]
[BlackElo "2068"]
[PlyCount "72"]
[EventDate "2001.??.??"]

1. d4 d5 2. c4 c6 3. Nc3 e5 4. dxe5 d4 5. Ne4 Qa5+ 6. Nd2 Qxe5 7. Ngf3 Qd6 8.
g3 Nf6 9. Bg2 Be7 10. O-O O-O 11. Nb3 c5 12. Bg5 Qb6 13. Ne5 Nc6 14. Nxc6 bxc6
15. e3 dxe3 16. Bxe3 Be6 17. Qc2 a5 18. a4 Rab8 19. Ra3 Rfd8 20. Qc3 Ng4 21.
Nxa5 Bf6 22. Qe1 Nxe3 23. fxe3 Qxb2 24. Qa1 Qxa1 25. Raxa1 Bxa1 26. Rxa1 Rb2
27. Bxc6 Rdd2 28. h4 Rbc2 29. Nb3 Rd6 30. Bb7 Bxc4 31. Nxc5 Bd5 32. Ne4 Rd7 33.
Bxd5 Rxd5 34. a5 Rc4 35. a6 Rd8 36. Nd6 Rc7 1/2-1/2

[Event "12. Süder Sommerpokal"]
[Site "Recklinghausen"]
[Date "2001.08.05"]
[Round "2"]
[White "Stoven, Gilles-Noel"]
[Black "Gawehns, Klaus"]
[Result "0-1"]
[WhiteElo "2051"]
[BlackElo "2375"]
[PlyCount "102"]
[EventDate "2001.??.??"]

1. e4 b6 2. d4 Bb7 3. Bd3 Nf6 4. Qe2 e6 5. Bg5 h6 6. Bh4 d6 7. Nf3 Be7 8. O-O
O-O 9. Nbd2 Nfd7 10. Bxe7 Qxe7 11. c3 e5 12. Rfe1 Re8 13. Nf1 Nf8 14. Ng3 g6
15. Qd2 Kg7 16. h4 h5 17. Bc4 f6 18. d5 Nh7 19. Nh2 Rf8 20. Nhf1 Bc8 21. Ne3
Kh8 22. Bd3 Nd7 23. b4 Rg8 24. Qd1 Ndf8 25. Bb5 Qg7 26. Qf3 Qh6 27. Qe2 a6 28.
Bc6 Rb8 29. Be8 Qf4 30. Qc4 Rg7 31. a4 Re7 32. b5 a5 33. Rad1 Bg4 34. Nxg4 Qxg4
35. Bc6 Qxh4 36. Qd3 Qg4 37. c4 Rd8 38. Nf1 h4 39. Qc3 Ng5 40. Nh2 Qh5 41. f4
Nxe4 42. Rxe4 Qxd1+ 43. Re1 Qh5 44. Qh3 Nh7 45. Nf3 g5 46. f5 g4 47. Qxh4 Qxf5
48. Nd4 Qd3 49. Ne6 Rg8 50. Rf1 Qe3+ 51. Kh1 Rg6 0-1

[Event "12. Süder Sommerpokal"]
[Site "Recklinghausen"]
[Date "2001.08.05"]
[Round "2"]
[White "Rotstein, Jefim"]
[Black "Kotlar, Alfred"]
[Result "1-0"]
[WhiteElo "2364"]
[BlackElo "2057"]
[PlyCount "57"]
[EventDate "2001.??.??"]

1. d4 d5 2. Nf3 Nf6 3. e3 c6 4. Bd3 Bg4 5. Nbd2 Nbd7 6. c4 e6 7. O-O Be7 8. Qb3
Rb8 9. cxd5 exd5 10. Qa4 Ra8 11. Ne5 Nb6 12. Qc2 Bd6 13. f4 Bd7 14. Ndf3 Rc8
15. Ng5 Rf8 16. Bxh7 Nxh7 17. Nxh7 Rh8 18. Ng5 Bxe5 19. dxe5 Qe7 20. b3 g6 21.
Bb2 Rh5 22. Rae1 Bf5 23. e4 dxe4 24. Nxe4 Bxe4 25. Qxe4 Rd8 26. f5 Rh4 27. Qc2
gxf5 28. Qxf5 Rd2 29. e6 1-0

[Event "12. Süder Sommerpokal"]
[Site "Recklinghausen"]
[Date "2001.08.05"]
[Round "2"]
[White "Niebius, Norbert"]
[Black "Koscielski, Janusch"]
[Result "0-1"]
[WhiteElo "2028"]
[BlackElo "2335"]
[PlyCount "82"]
[EventDate "2001.??.??"]

1. e4 c5 2. Nc3 Nc6 3. g3 g6 4. Bg2 Bg7 5. d3 e6 6. f4 Nge7 7. Nf3 d5 8. e5 b6
9. O-O Nf5 10. g4 Nfd4 11. Nxd4 Nxd4 12. Ne2 Nxe2+ 13. Qxe2 h5 14. g5 Qd7 15.
Be3 Bb7 16. c3 O-O 17. Bf3 a5 18. Rf2 d4 19. Bd2 dxc3 20. bxc3 b5 21. Rb1 Rfd8
22. Bxb7 Qxb7 23. d4 Rab8 24. a4 b4 25. dxc5 Bf8 26. Qc4 Qd5 27. Qxd5 Rxd5 28.
Be3 Rd3 29. Bd4 Rc8 30. Rc2 bxc3 31. Bf2 Bxc5 32. Bxc5 Rxc5 33. Rb5 Rcd5 34.
Kf1 Kg7 35. Ke2 Rh3 36. Ke1 Rf3 37. Ke2 Rdd3 38. Rc1 Rh3 39. Rxa5 Rd2+ 40. Ke1
Rhxh2 41. Rxc3 Ra2 0-1

[Event "12. Süder Sommerpokal"]
[Site "Recklinghausen"]
[Date "2001.08.05"]
[Round "2"]
[White "Iounoussov, Maksim"]
[Black "Kummerow, Heiko"]
[Result "0-1"]
[WhiteElo "2007"]
[BlackElo "2297"]
[PlyCount "60"]
[EventDate "2001.??.??"]

1. e4 e6 2. Nc3 d5 3. Nf3 Nf6 4. e5 Nfd7 5. d4 c5 6. dxc5 Nc6 7. Bf4 Bxc5 8.
Bd3 f6 9. exf6 Nxf6 10. Qe2 O-O 11. O-O-O Bd7 12. Ne5 Rc8 13. g4 Nd4 14. Qd2
Nxg4 15. Nxg4 Nf3 16. Qe2 Rxf4 17. Ne5 Nxe5 18. Qxe5 Qf6 19. Qh5 Rh4 20. Qe2
Qxf2 21. Rdf1 Qxe2 22. Bxe2 Rf8 23. Rf3 Rxf3 24. Bxf3 Rf4 25. Be2 g5 26. Bd3 h6
27. Re1 Bb4 28. h3 Kf7 29. a3 Bxc3 30. bxc3 Kf6 0-1

[Event "12. Süder Sommerpokal"]
[Site "Recklinghausen"]
[Date "2001.08.05"]
[Round "2"]
[White "Bakhmatov, Eduard"]
[Black "Leveikina, Jevgenija"]
[Result "1-0"]
[WhiteElo "2276"]
[BlackElo "2021"]
[PlyCount "71"]
[EventDate "2001.??.??"]

1. e4 e5 2. Bc4 Nc6 3. Nf3 Bc5 4. b4 Bxb4 5. c3 Ba5 6. d4 exd4 7. O-O Nge7 8.
Ng5 Ne5 9. Nxf7 Nxf7 10. Bxf7+ Kxf7 11. Qh5+ g6 12. Qxa5 d3 13. Rd1 d6 14. Rxd3
Be6 15. Rf3+ Kg7 16. c4 Nc6 17. Bb2+ Ne5 18. Bxe5+ dxe5 19. Qxe5+ Kh6 20. Nc3
Qd6 21. Qxd6 cxd6 22. Nb5 Rad8 23. Rc1 a6 24. Nc7 Bg4 25. Rb3 Rd7 26. Nd5 Be6
27. a4 Rf8 28. f3 g5 29. Rb6 g4 30. fxg4 Bxg4 31. e5 Kg5 32. Rxd6 Rxd6 33. exd6
Be6 34. Nb6 Rf4 35. Re1 Kf6 36. Nd5+ 1-0

[Event "12. Süder Sommerpokal"]
[Site "Recklinghausen"]
[Date "2001.08.05"]
[Round "2"]
[White "Gassmann, Volker"]
[Black "Wilde, Pierre"]
[Result "1/2-1/2"]
[WhiteElo "2188"]
[BlackElo "2272"]
[PlyCount "103"]
[EventDate "2001.??.??"]

1. d4 Nf6 2. c4 e6 3. Nc3 Bb4 4. e3 c5 5. Bd3 Nc6 6. Nf3 Bxc3+ 7. bxc3 d6 8.
Qc2 e5 9. d5 Ne7 10. e4 O-O 11. Nd2 Nh5 12. g3 Bh3 13. Be2 Nf6 14. f3 Nd7 15.
Rb1 b6 16. Rb2 f5 17. Qd3 Nf6 18. exf5 Bxf5 19. Ne4 Qd7 20. Bg5 Rf7 21. O-O
Raf8 22. Ra1 Nxe4 23. fxe4 Bh3 24. Be3 Kh8 25. a4 Ng8 26. a5 bxa5 27. Rxa5 Nf6
28. Ra1 h6 29. Rab1 Ng4 30. Rb8 Kh7 31. Rxf8 Rxf8 32. Qd2 a5 33. Ra1 a4 34. Qd3
Ra8 35. Bc1 Qf7 36. Qf3 Nf6 37. Qf2 Qg6 38. Bd3 Qg4 39. Bd2 Ra6 40. Qf5+ Qxf5
41. exf5 e4 42. Bc2 a3 43. Bc1 a2 44. Bb3 Bxf5 45. Rxa2 Rb6 46. Bc2 g5 47. Ra7+
Kg6 48. Kg2 Bg4 49. Kf2 Bf3 50. h3 h5 51. Ra8 Rb7 52. Ra6 1/2-1/2

[Event "12. Süder Sommerpokal"]
[Site "Recklinghausen"]
[Date "2001.08.05"]
[Round "2"]
[White "Genkin, Michael"]
[Black "van Winsen, Joost"]
[Result "1-0"]
[WhiteElo "2266"]
[BlackElo "1800"]
[PlyCount "67"]
[EventDate "2001.??.??"]

1. e4 d5 2. exd5 Nf6 3. Nf3 Nxd5 4. d4 g6 5. Bc4 Bg7 6. O-O O-O 7. c3 Nb6 8.
Bb3 Nc6 9. Bg5 Bf5 10. Re1 Re8 11. Nbd2 Na5 12. Bc2 Bxc2 13. Qxc2 Nc6 14. Rad1
Nd5 15. Ne4 Nf6 16. d5 Na5 17. Nxf6+ exf6 18. Rxe8+ Qxe8 19. Bf4 Qd7 20. c4 b6
21. b4 Nb7 22. c5 bxc5 23. bxc5 c6 24. d6 Nd8 25. Be3 Ne6 26. Nd4 Rb8 27. h3 f5
28. Nxe6 fxe6 29. Rb1 Rxb1+ 30. Qxb1 e5 31. Bg5 h6 32. Qb8+ Kf7 33. Qb3+ Qe6
34. d7 1-0

[Event "12. Süder Sommerpokal"]
[Site "Recklinghausen"]
[Date "2001.08.05"]
[Round "2"]
[White "Weißkopf, Lutz"]
[Black "Zaragatski, Ilja"]
[Result "0-1"]
[WhiteElo "2042"]
[BlackElo "2248"]
[PlyCount "70"]
[EventDate "2001.??.??"]

1. e4 e6 2. d4 d5 3. e5 c5 4. c3 Nc6 5. Nf3 Nge7 6. Na3 cxd4 7. cxd4 Nf5 8. Nc2
Qb6 9. Be2 Bd7 10. O-O Rc8 11. g4 Nfe7 12. Rb1 Ng6 13. b4 Be7 14. Be3 O-O 15.
g5 f6 16. gxf6 gxf6 17. b5 Na5 18. h4 fxe5 19. h5 Nf4 20. Nxe5 Be8 21. Kh2 Kh8
22. Rg1 Bd6 23. Rg4 Nxe2 24. Qxe2 Bxh5 25. Rg8+ Rxg8 26. Qxh5 Rxc2 27. Kh1 Rc7
28. Rg1 Rxg1+ 29. Kxg1 Rg7+ 30. Kh1 Bxe5 31. dxe5 Qxb5 32. Bg5 Qf1+ 33. Kh2
Qxf2+ 34. Kh1 Qe1+ 35. Kg2 Qd2+ 0-1

[Event "12. Süder Sommerpokal"]
[Site "Recklinghausen"]
[Date "2001.08.05"]
[Round "2"]
[White "Hoefker, Mathias"]
[Black "Fahnenschmidt, Willi"]
[Result "1-0"]
[WhiteElo "2241"]
[BlackElo "2130"]
[PlyCount "73"]
[EventDate "2001.??.??"]

1. d4 Nf6 2. Nf3 g6 3. c4 Bg7 4. Nc3 d6 5. e4 O-O 6. Be2 e5 7. O-O Nbd7 8. Re1
c6 9. h3 exd4 10. Nxd4 Re8 11. Bf1 Qb6 12. Nb3 Qc7 13. Bf4 Ne5 14. Rc1 Nh5 15.
Be3 Be6 16. Nd5 Qd8 17. Nf4 Nxf4 18. Bxf4 Qf6 19. Qd2 Bxh3 20. Bg5 Qe6 21. Nd4
Qg4 22. Rc3 Nxc4 23. Rxc4 Bxg2 24. Bxg2 d5 25. exd5 Rxe1+ 26. Qxe1 cxd5 27. Rc5
Qxg5 28. Rxd5 Qf4 29. Qe3 Qh4 30. Rd7 Rc8 31. Ne2 Bh6 32. Qf3 Qc4 33. Nc3 Re8
34. Nd5 Re1+ 35. Kh2 Qh4+ 36. Bh3 f5 37. Qg3 1-0

[Event "12. Süder Sommerpokal"]
[Site "Recklinghausen"]
[Date "2001.08.05"]
[Round "2"]
[White "Nebel, Jens"]
[Black "Eismont, Igor"]
[Result "0-1"]
[WhiteElo "2022"]
[BlackElo "2238"]
[PlyCount "128"]
[EventDate "2001.??.??"]

1. e4 d6 2. d4 Nf6 3. Nc3 e5 4. Nf3 Nbd7 5. Be2 Be7 6. O-O O-O 7. h3 c6 8. Be3
b5 9. a3 Bb7 10. Nd2 Re8 11. f4 a6 12. Bf3 Bf8 13. Qe1 exd4 14. Bxd4 c5 15.
Bxf6 Nxf6 16. Qh4 b4 17. Nd5 Nxd5 18. Qxd8 Rexd8 19. exd5 a5 20. Rfe1 g6 21.
Nc4 a4 22. axb4 cxb4 23. Nb6 Ra6 24. Nxa4 Rc8 25. b3 Rxc2 26. Rac1 Rxc1 27.
Rxc1 Ra5 28. Rd1 Bg7 29. Kf2 Kf8 30. Ke3 Ke7 31. Rd2 h5 32. g3 Kd8 33. Rd1 Bc8
34. g4 h4 35. Be2 Bd7 36. Nb6 Ra3 37. Nxd7 Kxd7 38. Bc4 Bc3 39. Ke4 Ra2 40. Rd3
Ke7 41. Rf3 Rh2 42. f5 g5 43. Bf1 Rb2 44. Bc4 Kf6 45. Rf1 Rd2 46. Bd3 Be5 47.
Rf3 Ke7 48. Ke3 Rh2 49. Bf1 Rb2 50. Bc4 f6 51. Ke4 Kd8 52. Rf1 Rh2 53. Rf3 Kc7
54. Bf1 Kb6 55. Rd3 Kc5 56. Rd1 Rf2 57. Rc1+ Bc3 58. Bc4 Rf4+ 59. Ke3 Rxc4 60.
bxc4 Kxc4 61. Ke4 b3 62. Rd1 b2 63. Rb1 Be5 64. Rf1 Bf4 0-1

[Event "12. Süder Sommerpokal"]
[Site "Recklinghausen"]
[Date "2001.08.05"]
[Round "2"]
[White "Kartsev, Soel"]
[Black "Zeier, Robert"]
[Result "0-1"]
[WhiteElo "2236"]
[BlackElo "2034"]
[PlyCount "86"]
[EventDate "2001.??.??"]

1. d4 Nf6 2. Bg5 Ne4 3. Bh4 c5 4. f3 Qa5+ 5. c3 Nf6 6. d5 g6 7. Bxf6 exf6 8. e4
Bg7 9. Nd2 d6 10. Bd3 O-O 11. Ne2 Nd7 12. f4 Re8 13. O-O Nf8 14. a4 Qc7 15. a5
Bd7 16. Ng3 Re7 17. Qb3 Rae8 18. a6 b6 19. Bb5 h5 20. Bxd7 Nxd7 21. h4 f5 22.
exf5 Re3 23. Rf3 Qd8 24. Rxe3 Rxe3 25. Nf3 Rxf3 26. gxf3 Qxh4 27. Kg2 Qxf4 28.
Qa4 Qd2+ 29. Kh3 Ne5 30. fxg6 fxg6 31. Rg1 Nxf3 32. Rg2 Qxd5 33. Qe8+ Kh7 34.
Qe7 h4 35. Ne4 Qf5+ 36. Rg4 Ne5 37. Qxh4+ Kg8 38. Qd8+ Bf8 39. Nf6+ Kg7 40.
Qc7+ Kxf6 41. Qd8+ Be7 42. Qh8+ Kf7 43. Qh7+ Ke8 0-1

[Event "12. Süder Sommerpokal"]
[Site "Recklinghausen"]
[Date "2001.08.05"]
[Round "2"]
[White "Dresen, Ulrich"]
[Black "Heckötter, Christian"]
[Result "0-1"]
[WhiteElo "2233"]
[BlackElo "1967"]
[PlyCount "112"]
[EventDate "2001.??.??"]

1. d4 e6 2. Nf3 Nf6 3. e3 b6 4. Bd3 Bb7 5. O-O d6 6. c4 Nbd7 7. Nc3 g6 8. e4 e5
9. d5 Bg7 10. g3 O-O 11. Nh4 Ne8 12. Be3 Ndf6 13. b4 c6 14. f3 c5 15. Qb3 Bc8
16. a4 Nh5 17. Ng2 f5 18. Bd2 Bf6 19. bxc5 bxc5 20. Rab1 Rf7 21. Qc2 Nhg7 22.
Rb3 h5 23. Rfb1 h4 24. Rb8 Rxb8 25. Rxb8 Qc7 26. Rb1 hxg3 27. hxg3 Nh5 28. Ne2
a6 29. a5 Neg7 30. Rb6 Bd8 31. Qb1 Nf6 32. Rc6 Qd7 33. exf5 gxf5 34. Nh4 e4 35.
fxe4 fxe4 36. Bxe4 Nxe4 37. Qxe4 Bb7 38. Nc3 Bxc6 39. dxc6 Qh3 40. Qg2 Qxg2+
41. Kxg2 Bxa5 42. Nd5 Bxd2 43. c7 Rxc7 44. Nxc7 a5 45. Nb5 a4 46. Kf3 Bc1 47.
Ke4 a3 48. Nc3 Kf7 49. Kd5 Bb2 50. Na2 Be5 51. g4 Ne8 52. g5 Nc7+ 53. Ke4 Ke6
54. Nf3 Na6 55. Kd3 Nb4+ 56. Nxb4 cxb4 {Rest unleserlich} 0-1

[Event "12. Süder Sommerpokal"]
[Site "Recklinghausen"]
[Date "2001.08.05"]
[Round "2"]
[White "Ackermann, Frank"]
[Black "Frohne, Gerd"]
[Result "0-1"]
[WhiteElo "1961"]
[BlackElo "2233"]
[PlyCount "56"]
[EventDate "2001.??.??"]

1. d4 d5 2. Nf3 c6 3. c4 e6 4. Nc3 dxc4 5. e4 b5 6. Bg5 Be7 7. Bxe7 Qxe7 8. a4
b4 9. Nb1 Ba6 10. Qc2 Nf6 11. Nbd2 O-O 12. Bxc4 c5 13. O-O cxd4 14. Nxd4 Rc8
15. Rac1 Nbd7 16. Qd3 Ne5 17. Qe2 Nxc4 18. Nxc4 Qc5 19. Nb5 Bxb5 20. axb5 Qxb5
21. b3 h6 22. Qf3 Qc6 23. Rfe1 Qc5 24. Qf4 Qg5 25. Qxg5 hxg5 26. Ra1 Nd7 27.
Ra4 Nc5 28. Rxb4 Nd3 0-1

[Event "12. Süder Sommerpokal"]
[Site "Recklinghausen"]
[Date "2001.08.05"]
[Round "2"]
[White "Michalczak, Thomas"]
[Black "Litwak, Aleksej"]
[Result "1-0"]
[WhiteElo "2232"]
[BlackElo "1955"]
[PlyCount "67"]
[EventDate "2001.??.??"]

1. d4 f5 2. c4 e6 3. g3 d5 4. Bg2 c6 5. Nf3 Nf6 6. O-O Bd6 7. Qc2 O-O 8. Nc3
Nbd7 9. cxd5 cxd5 10. Nb5 Bb8 11. Bf4 Bxf4 12. gxf4 Qe7 13. Rfc1 a6 14. Nc7 Ra7
15. Ng5 Nb6 16. Qc5 Qxc5 17. dxc5 Nc4 18. b3 Na5 19. Ncxe6 Bxe6 20. Nxe6 Re8
21. Nd4 Nc6 22. Nxf5 Rxe2 23. Rd1 Rc2 24. Bxd5+ Nxd5 25. Rxd5 Nb4 26. Rd8+ Kf7
27. Re1 Rxc5 28. Re7+ Kg6 29. Rxg7+ Kxf5 30. Rg5+ Kxf4 31. Rxc5 Nc6 32. Rdd5
Ra8 33. Rc4+ Kf3 34. Kf1 1-0

[Event "12. Süder Sommerpokal"]
[Site "Recklinghausen"]
[Date "2001.08.05"]
[Round "2"]
[White "Wicht, Jürgen"]
[Black "Lauche, Christoph"]
[Result "1-0"]
[WhiteElo "2197"]
[BlackElo "1785"]
[PlyCount "63"]
[EventDate "2001.??.??"]

1. d4 Nf6 2. c4 e5 3. dxe5 Ne4 4. Nf3 b6 5. Nbd2 Bb7 6. Qc2 Bb4 7. a3 Nxd2 8.
Nxd2 Bxd2+ 9. Bxd2 Qe7 10. Bc3 Nc6 11. Qf5 O-O-O 12. O-O-O Rde8 13. Rd5 Na5 14.
e3 Qe6 15. Qxe6 fxe6 16. Rd1 Nb3+ 17. Kc2 Nc5 18. f3 Bc6 19. b3 g5 20. Rd4 Rhg8
21. b4 Ba4+ 22. Kb2 Nb7 23. h4 g4 24. Rxg4 Rxg4 25. fxg4 Rf8 26. Be1 Bd1 27. g5
Nd8 28. Bd3 Rf7 29. h5 Bg4 30. g6 hxg6 31. hxg6 Rg7 32. Rh7 1-0

[Event "12. Süder Sommerpokal"]
[Site "Recklinghausen"]
[Date "2001.08.05"]
[Round "2"]
[White "Stepa, Rainer"]
[Black "Sondermann, Dirk"]
[Result "1/2-1/2"]
[WhiteElo "1793"]
[BlackElo "2171"]
[PlyCount "27"]
[EventDate "2001.??.??"]

1. Nf3 Nf6 2. d4 e6 3. Bf4 b6 4. e3 Bb7 5. Nbd2 Be7 6. Bd3 d5 7. Ne5 O-O 8. Qf3
Nbd7 9. Nxd7 Qxd7 10. e4 dxe4 11. Nxe4 Bxe4 12. Bxe4 Nxe4 13. Qxe4 Bd6 14. c3
1/2-1/2